Statistiques concernant 500 Personnages des films classiques Disney

Cliquez ici pour prendre le quiz!

Statistiques générales

  • Ce quiz a été pris 881 fois
  • Le résultat moyen est 151 sur 500

Statistiques - réponses

HintRéponse% Correct
Blanche-Neige et les Sept NainsBlanche-Neige
94%
BambiBambi
86%
La Belle et la BêteBelle
86%
PinocchioPinocchio
86%
La Petite SirèneAriel
85%
CendrillonCendrillon
85%
DumboDumbo
85%
Grincheux
85%
AladdinAladdin
84%
Peter et Elliott le dragonPeter
84%
Alice au pays des merveillesAlice
82%
Joie
82%
Rox et RoukyRox
82%
Les Aventures de Winnie l'oursonWinnie l'ourson
82%
Buzz l'Éclair
81%
Clochette
81%
Jasmine
81%
Rouky
81%
Le Roi lionSimba
81%
Simplet
81%
Buzz l'ÉclairSox
81%
Jafar
80%
MulanMulan
80%
Stitch
80%
Anna
79%
Lilo et StitchLilo
79%
Marie
79%
TarzanTarzan
79%
La Bête
78%
Le Monde de NemoNemo
78%
Peter PanPeter Pan
78%
Pocahontas : Une légende indiennePocahontas
78%
Atchoum
77%
Les Aventures de Bernard et BiancaBernard
77%
Bianca
77%
Dory
77%
HerculeHercule
77%
Merlin l'EnchanteurMerlin
77%
RaiponceRaiponce
77%
La Belle au bois dormantAurore
76%
Dingo et MaxDingo
76%
FantasiaMickey
76%
Panpan
73%
Prof
73%
Basil, détective privéBasil
72%
La Reine des neigesElsa
72%
Geppetto
72%
Le Prince
72%
Max
72%
Le Livre de la jungleMowgli
72%
Oliver et CompagnieOliver
72%
La Bande à Picsou, le film : Le Trésor de la lampe perduePicsou
72%
Nala
71%
Reine-sorcière
71%
Wendy
71%
Toy StoryWoody
71%
Dormeur
70%
CarsFlash McQueen
70%
Gus
70%
Taram et le Chaudron magiqueTaram
70%
Volt, star malgré luiVolt
70%
Coco Lapin
69%
Kuzco, l'empereur mégaloKuzco
69%
Mary PoppinsMary Poppins
69%
Ray
69%
Scar
69%
Baloo
68%
LucaLuca
68%
Mufasa
68%
Vaiana : La Légende du bout du mondeVaiana
68%
Robin des BoisRobin des Bois
67%
Tigrou
67%
Capitaine Crochet
66%
Clochard
66%
Colère
66%
Esméralda
66%
Les Mondes de RalphRalph
66%
Wall-EWall-E
66%
Jane
65%
Olaf
65%
Porcinet
65%
Timide
65%
Prince charmant
64%
Tristesse
64%
Cruella d'Enfer
63%
Elliott
63%
Polochon
63%
Anastasie
62%
Arthur
62%
Éric
62%
Peur
62%
Le Bossu de Notre-DameQuasimodo
62%
Timon
62%
Le Voyage d'ArloArlo
61%
Génie
61%
Joyeux
61%
Raya et le Dernier DragonRaya
61%
Ursula
61%
Fantasia 2000Donald
60%
RatatouilleRémy
60%
Maléfique
59%
Danny, le petit mouton noirDanny
58%
Dégoût
58%
Javotte
58%
Sébastien
58%
La Princesse et la GrenouilleTiana
58%
Monstres et CompagnieBob Razowski
57%
Fifi
57%
Gaston
57%
Loulou
56%
Lumière
56%
La Reine de Cœur
55%
Le Chapelier fou
55%
RebelleMérida
55%
Riri
55%
Flynn
54%
Bourriquet
53%
Les AristochatsDuchesse
53%
Hadès
53%
Jean
53%
La Planète au trésor : Un nouvel universJim Hawkins
53%
La Fée Bleue
53%
Sven
53%
Berlioz
51%
Jiminy Cricket
51%
Toulouse
51%
Ed
50%
Fleur
50%
La Belle et le ClochardLady
50%
Le roi
49%
Marin
48%
Mushu
48%
Les 101 DalmatiensPongo
48%
Abu
47%
Bagheera
47%
Eve
47%
Kristoff
47%
Roi Triton
47%
Thomas O'Malley
47%
Violette
47%
Zeus
47%
Hans
46%
Le Lapin blanc
46%
Mégara
46%
Andy
45%
Martin
45%
Mouche
45%
John Smith
44%
LeFou
44%
Monsieur Patate
44%
Big Ben
43%
Philippe
43%
Jack-Jack
42%
Leroy et StitchLeroy
42%
Petit Jean
42%
Sulli
42%
Vanellope
42%
Iago
41%
Toy Story 2Jessie
41%
La Bergère
41%
Marraine-fée
41%
Perdita
41%
Rex
41%
Kaa
40%
Lucifer
40%
Pumbaa
40%
Sultan
40%
Ben
39%
Marianne
39%
CocoMiguel
39%
Shere Khan
39%
Zigzag
39%
La Petite Sirène 2 : Retour à l'océanMélodie
38%
Mère Gothel
38%
Zazu
38%
Louis
37%
Madame Samovar
37%
Vice-versaRiley
37%
Bruno
36%
Elastigirl
36%
Flèche
36%
Ken
36%
Michel
36%
Pat Hibulaire
36%
Rafiki
36%
Zip
36%
Claude Frollo
35%
Flo
35%
Linguini
35%
Petit Gourou
35%
ZootopieJudy
34%
Koda
34%
Rat
34%
Daisy
33%
Edgar
33%
Maui
33%
Shang
33%
Grand Gourou
32%
Maximus
32%
Encanto : La Fantastique Famille MadrigalMirabel
32%
Les IndestructiblesMonsieur Indestructible
32%
Pimprenelle
32%
Là-hautCarl
31%
Madame Patate
31%
Nick
31%
Pégase
31%
Barbie
30%
Naveen
30%
Figaro
29%
Maurice
29%
Le Crapaud et le Maître d'écoleCrapaud
28%
Flora
28%
Kron
28%
Bouh
27%
Colette
27%
Jean-Christophe
27%
Roger
27%
Sally
27%
Trémaine
27%
Yzma
27%
Cléo
26%
Docteur Facilier
26%
Edna Mode
26%
Frozone
26%
Kronk
26%
Monstro
26%
Panique
26%
Anita
25%
Les Nouveaux HérosBaymax
25%
Toy Story 4Fourchette
25%
Le Roi lion 2 : L'Honneur de la tribuKiara
25%
Pâquerette
25%
Prince Jean
25%
Sarabi
25%
Kovu
24%
Léon
24%
Toy Story 3Lotso
24%
Madame Mim
24%
Phœbus
24%
Jaq
23%
Nani
23%
Russell
23%
Timothée
23%
Bing Bong
22%
Doug
22%
Émile
22%
Ernesto de la Cruz
22%
Maître Hibou
22%
Peine
22%
Pile-poil
22%
Shenzi
22%
Syndrome
22%
Meeko
21%
Rajah
21%
George Banks
20%
Medusa
20%
Atlantide, l'empire perduMilo
20%
Penny
20%
Philoctète
20%
Sid
20%
Stromboli
20%
Banzai
19%
Bayonne
19%
Héctor
19%
Ondine
19%
Archimède
18%
Auguste Gusteau
18%
Clayton
18%
Felix
18%
Frère Tuck
18%
Hiro
18%
Kevin
18%
La Chenille
18%
Grand Coquin
17%
Grand-mère Feuillage
17%
Horace
17%
Jasper
17%
SoulJoe Gardner
17%
Le Lièvre de mars
17%
Roquefort
17%
Shan-Yu
17%
Chicken LittleChicken Little
16%
Pacha
16%
Roi Louie
16%
Ratcliffe
15%
Tantor
15%
Abuela Alma
14%
Aliens
14%
Charles Muntz
14%
Chef
14%
Frère des oursKenaï
14%
Kida
14%
Noa
14%
1001 PattesTilt
14%
Ange
13%
Aladdin et le Roi des voleursCassim
13%
Dante
13%
Darling
13%
David
13%
Doc Hudson
13%
Féline
13%
Gédéon
13%
Le Monde de DoryHank
13%
Michaël Banks
13%
Patch
13%
Tok
13%
Tweedle Dee
13%
Tweedle Dum
13%
Germaine
12%
Iridessa
12%
Kala
12%
Luigi
12%
Philibert
12%
Ratigan
12%
Stéphane
12%
Zira
12%
Amélia
11%
Anton Ego
11%
Célia
11%
César
11%
Cars 2Finn McMissile
11%
Jeanne Banks
11%
Jumbo
11%
Kerchak
11%
Le Chat de Chester
11%
Mama Odie
11%
Papi Pépite
11%
Reine Elinor
11%
La Fée ClochetteRosélia
11%
Shériff
11%
Truc
11%
Zurg
11%
Alberto
10%
Amélie
10%
Frou-Frou
10%
Jumba
10%
Lafayette
10%
Muche
10%
Nanny
10%
Napoléon
10%
Tante Sarah
10%
Bert
9%
Bonnie
9%
Jock
9%
Le grand-duc
9%
Morgana
9%
Olivia
9%
Sa Sucrerie
9%
Scat Cat
9%
Sergent
9%
Skinner
9%
Tante Tartine
9%
Triste Sire
9%
Vitani
9%
Adelaïde
8%
Amos Slade
8%
Big Mama
8%
Cobra Bubbles
8%
Crapule
8%
Eloïse
8%
Gabby Gabby
8%
Guido
8%
Saludos AmigosJosé Carioca
8%
Mirage
8%
Mitaine
8%
Oncle Waldo
8%
La Belle et le Clochard 2 : L'Appel de la rueScamp
8%
Terence
8%
Zaza
8%
22
7%
Atta
7%
Audrey Ramirez
7%
Bailey
7%
Capitaine Gantu
7%
Destinée
7%
Gaëtan Molière
7%
Le Cocher
7%
Roi Fergus
7%
Seigneur des Ténèbres
7%
Le Livre de la jungle 2Shanti
7%
DinosaureAladar
6%
Auto
6%
Cars 3Cruz Ramirez
6%
Denahi
6%
Giulia
6%
Clochette et la Créature légendaireGrognon
6%
En avantIan
6%
Pocahontas 2 : Un monde nouveauJohn Rolfe
6%
Le Borgne
6%
La ferme se rebelleMaggie
6%
Nuka
6%
Roublard
6%
Sisu
6%
Sitka
6%
Vixy
6%
Alameda Slim
5%
Barley
5%
Buck
5%
Bunny
5%
Chick Hicks
5%
Ducky
5%
Duke Caboom
5%
Clochette et l'Expédition féeriqueElizabeth
5%
Fillmore
5%
Georgette
5%
Bienvenue chez les RobinsonLewis
5%
Le Bossu de Notre-Dame 2Madeleine
5%
La Belle et la Bête 2 : Le Noël enchantéMaestro Forté
5%
McBlaireau
5%
Alerte rougeMeilin
5%
Namaari
5%
Les Trois CaballerosPanchito Pistoles
5%
Pikly
5%
Rhino
5%
Spot
5%
Taupe
5%
Clochette et la Fée pirateZarina
5%
Abby
4%
Enzo
4%
Francesco Bernoulli
4%
Jackson Storm
4%
Mélodie CocktailJohnny Pépin-de-Pomme
4%
John Silver
4%
Le Démolisseur
4%
Winnie l'ourson et l'ÉfélantLumpy
4%
Les 101 Dalmatiens 2Ouragan
4%
Roxanne
4%
The WildSamson
4%
Sifli
4%
Monstres AcademyAbigail Hardscrabble
3%
Le Retour de JafarAbis Mal
3%
Angélique
3%
Coquin de printempsBongo
3%
Bruton
3%
Caïd
3%
Clochette et le Secret des féesCristaline
3%
Dawson
3%
Dijon
3%
Dolly
3%
L'Apprentie sorcièreÉglantine
3%
Evelyn
3%
Fagin
3%
Clochette et la Pierre de luneFlambeau
3%
Frère Lapin
3%
Frère Ours
3%
Grace
3%
Gurki
3%
Holley
3%
Ichabod Crane
3%
Cendrillon 2 : Une vie de princesseLe Boulanger
3%
Miss Caloway
3%
Monsieur Moustache
3%
Frère des ours 2Nita
3%
Mélodie du SudOncle Rémus
3%
Professeur Z
3%
Prudence
3%
Ranjan
3%
Bambi 2Ronno
3%
Trixie
3%
Wilbur
3%
Tarzan 2Zugor
3%
Bouton d'Or
2%
Bridget
2%
Capitaine Amélia
2%
Courant d'Air
2%
Rox et Rouky 2Dixie
2%
Docteur Delbert Doppler
2%
Docteur Gentil
2%
Ethan Clade
2%
Fifre
2%
Fish
2%
Frère Renard
2%
Jaeger Clade
2%
Jeremiah
2%
Le Géant
2%
Merlock
2%
Miles Axlerod
2%
Ming
2%
Neera
2%
Reuben
2%
Ryan
2%
Scroop
2%
Avalonia, l'étrange voyageSearcher Clade
2%
Sykes
2%
Waternoose
2%
Les Indestructibles 2Winston
2%
Benny
1%
Boulard
1%
Cash
1%
Don Carlton
1%
Émelius
1%
Stitch ! Le filmHamsterviel
1%
Jack la Chance
1%
Nigel
1%
Pecos Bill
1%
Sa'luk
1%
Saroush
1%
Squishy Squibbles
1%
Zelda
1%

Distribution des résultats

Percentile par nombre de réponses

% des personnes avec chaque résultat

Votre développement - résultats

Vous n’avez pas pris ce quiz